2003 ODI World Cup Final - Statistics

General Stats
  • This quiz has been taken 12 times
  • The average score is 20 of 22
Answer Stats
Australia % Correct
Opening Batsman (wk) Adam Gilchrist
100%
Fast Bowler Glenn McGrath
100%
Spinner Harbhajan Singh
100%
Fast-Bowler Javagal Srinath
100%
Opening Batsman Matthew Hayden
100%
Middle-Order Batsman (wk) Rahul Dravid
100%
Top-Order Batsman (c) Ricky Ponting
100%
Opening Batsman Sachin Tendulkar
100%
Top-Order Batsman (c) Sourav Ganguly
100%
Opening Batsman Virender Sehwag
100%
Lower-Order Batsman Yuvraj Singh
100%
Fast Bowler Brett Lee
91%
Lower-Order Batsman Michael Bevan
91%
Middle-Order Batsman Mohd Kaif
91%
Fast-Bowler Zaheer Khan
91%
Spinner Brad Hogg
82%
Lower-Order Batsman Dinesh Mongia
82%
Lower-Order Batsman Andrew Symonds
73%
Fast-Bowler Ashish Nehra
73%
Middle-Order Batsman Damien Martyn
73%
Middle-Order Batsman Darren Lehmann
73%
Fast Bowler Andy Bichel
64%
No matching quizzes found
Score Distribution
Percent of People with Each Score
Percentile by Number Answered
Your Score History
You have not taken this quiz